[Event "10. Lovsprings EMT Basis 3 1998"]
[Site "Ringsted"]
[Date "1998.05.29"]
[Round "7"]
[White "Hansen, Arne Mandrup"]
[Black "Hansen, Steen J"]
[Result "0-1"]
[WhiteElo "1214"]
[BlackElo "1288"]
[PlyCount "80"]
[EventDate "1998.??.??"]

1. d4 d5 2. Bf4 Nf6 3. e3 e6 4. Nf3 Nbd7 5. Nbd2 c5 6. c3 Be7 7. Ne5 O-O 8. Bd3
Nxe5 9. Bxe5 Nd7 10. Bg3 f5 11. Qe2 c4 12. Bb1 b5 13. O-O b4 14. Nf3 a5 15.
cxb4 axb4 16. Bc2 Ba6 17. Rfc1 c3 18. Bd3 Bxd3 19. Qxd3 cxb2 20. Rcb1 bxa1=Q
21. Rxa1 Qa5 22. h3 Rfc8 23. Kh2 Rc3 24. Qd1 Rac8 25. Bh4 Bxh4 26. Nxh4 Rc2 27.
Qh5 Rxf2 28. Nf3 Nf6 29. Qh4 Rcc2 30. Rg1 Rxf3 31. Kh1 Rff2 32. Qg3 Qa8 33. h4
Ne4 34. Qh3 Qb8 35. h5 Ng3+ 36. Kh2 Ne2+ 37. Kh1 Nxg1 38. Qh4 Rxg2 39. h6 Rh2+
40. Kxg1 Rc1+ 0-1

[Event "10. Lovsprings EMT Basis 3 1998"]
[Site "Ringsted"]
[Date "1998.05.29"]
[Round "7"]
[White "Hein, Jacob"]
[Black "Petersen, Jimmy"]
[Result "0-1"]
[WhiteElo "1285"]
[BlackElo "1100"]
[PlyCount "60"]
[EventDate "1998.??.??"]

1. d4 d5 2. c4 c6 3. Nc3 Nf6 4. Bg5 e6 5. cxd5 cxd5 6. e4 dxe4 7. Qa4+ Nc6 8.
Bb5 Bd7 9. Nxe4 Bb4+ 10. Nd2 h6 11. Bxc6 Bxd2+ 12. Bxd2 Bxc6 13. Qb3 Bxg2 14.
Qg3 Bxh1 15. O-O-O Nh5 16. Qe5 Nf6 17. Qg3 Rc8+ 18. Kb1 Be4+ 19. Ka1 Bg6 20.
Nf3 Ne4 21. Qe5 O-O 22. Bxh6 gxh6 23. Rg1 Qc7 24. Qxe4 Qc1+ 25. Qb1 Qxb1+ 26.
Rxb1 Bxb1 27. Kxb1 Rc7 28. Ne5 Rfc8 29. Nd3 b6 30. h4 Rc4 0-1

[Event "10. Lovsprings EMT Basis 3 1998"]
[Site "Ringsted"]
[Date "1998.05.29"]
[Round "7"]
[White "Karie, Abdullahi M"]
[Black "Reinager, Gunnar"]
[Result "1-0"]
[WhiteElo "1093"]
[BlackElo "1283"]
[PlyCount "123"]
[EventDate "1998.??.??"]

1. d4 d5 2. Bf4 Nc6 3. Nf3 Nf6 4. e3 e6 5. c4 Bd6 6. Bxd6 cxd6 7. Be2 a6 8. Nc3
dxc4 9. Bxc4 d5 10. Bd3 Bd7 11. O-O Qe7 12. h3 O-O 13. a3 Rac8 14. Ne2 Ne8 15.
Ng3 f5 16. Nh5 Nf6 17. Nxf6+ Qxf6 18. Qe2 Be8 19. Nh2 Rc7 20. f4 Qh6 21. Qf2
Ne7 22. Nf3 Kh8 23. Rac1 Bc6 24. a4 Rfc8 25. b3 b5 26. a5 Bb7 27. Rxc7 Rxc7 28.
Ng5 Nc6 29. Qd2 Qf6 30. Qc3 h6 31. Nf3 Qe7 32. Rc1 Rc8 33. Qe1 Qa3 34. Nd2 Qxa5
35. Qd1 Nb4 36. Ra1 Qc7 37. Be2 Qc2 38. g4 Qxd1+ 39. Bxd1 g6 40. Nf3 Nc2 41.
Bxc2 Rxc2 42. Rb1 Kg7 43. b4 Kf7 44. Ne5+ Kg7 45. Nd7 fxg4 46. hxg4 h5 47. Nc5
Bc8 48. g5 h4 49. Rb3 h3 50. Kh1 e5 51. dxe5 Bg4 52. e4 Bf3+ 53. Rxf3 dxe4 54.
Re3 a5 55. Rxe4 a4 56. Re3 Rb2 57. e6 Kf8 58. e7+ Ke8 59. Na6 Rc2 60. f5 gxf5
61. g6 Rc6 62. g7 1-0

[Event "10. Lovsprings EMT Basis 3 1998"]
[Site "Ringsted"]
[Date "1998.05.29"]
[Round "7"]
[White "Nielsen, Henning"]
[Black "Vintersfjord, Inette"]
[Result "1-0"]
[WhiteElo "1100"]
[BlackElo "1042"]
[PlyCount "75"]
[EventDate "1998.??.??"]

1. e4 e5 2. Bc4 Nf6 3. d3 d6 4. h3 Nc6 5. Nf3 d5 6. exd5 Nxd5 7. Qe2 f6 8. d4
Bd6 9. Bxd5 Bd7 10. a3 Qe7 11. dxe5 fxe5 12. Nc3 O-O-O 13. Bg5 Qf8 14. Bxd8
Qxd8 15. Nb5 Kb8 16. O-O-O a6 17. Nxd6 cxd6 18. Qd3 Qc7 19. Bxc6 Bxc6 20. Qxd6
Qxd6 21. Rxd6 e4 22. Nd4 Kc7 23. Re6 Rf8 24. Nxc6 bxc6 25. Rxe4 Rxf2 26. Re7+
Kb6 27. Rxg7 a5 28. a4 Kc5 29. Rd1 h6 30. Rg6 Kb6 31. g4 Rh2 32. Rxh6 Kc7 33.
b3 c5 34. Rf1 Re2 35. Rf7+ Re7 36. Rxe7+ Kd8 37. Ra7 Kc8 38. Rh8# 1-0

[Event "10. Lovsprings EMT Basis 3 1998"]
[Site "Ringsted"]
[Date "1998.05.29"]
[Round "7"]
[White "Nielsen, Poul"]
[Black "Astrup, Knud"]
[Result "1-0"]
[WhiteElo "1175"]
[BlackElo "1243"]
[PlyCount "89"]
[EventDate "1998.??.??"]

1. d4 d5 2. Nc3 e6 3. a3 c5 4. Bf4 cxd4 5. Qxd4 Nc6 6. Qd2 a6 7. Nf3 Bd6 8. Rd1
Bxf4 9. Qxf4 Nf6 10. e4 Ne7 11. Ne5 d4 12. Ne2 Qa5+ 13. Rd2 Qc7 14. Nxd4 Ng6
15. Nxg6 Qxf4 16. Nxf4 e5 17. Nd5 Nxd5 18. exd5 exd4 19. Rxd4 O-O 20. Be2 Re8
21. Rd2 b5 22. O-O Bb7 23. d6 Rad8 24. Bg4 Bc6 25. Rfd1 Bd7 26. Bxd7 Rxd7 27.
h3 f6 28. b3 Kf7 29. c4 bxc4 30. bxc4 Re5 31. Rd5 Ke6 32. Rxe5+ fxe5 33. Rd5
Rxd6 34. Ra5 Rc6 35. Ra4 Kd6 36. f3 Kc5 37. Kf2 Kd4 38. Ke2 Kc3 39. Ra5 Kxc4
40. Rxe5 Rc5 41. Rxc5+ Kxc5 42. Kd3 g5 43. g3 a5 44. f4 h6 45. f5 1-0

[Event "10. Lovsprings EMT Basis 3 1998"]
[Site "Ringsted"]
[Date "1998.05.29"]
[Round "7"]
[White "Rytter, Morten"]
[Black "Nielsen, Henrik"]
[Result "1-0"]
[WhiteElo "1267"]
[BlackElo "1166"]
[PlyCount "131"]
[EventDate "1998.??.??"]

1. e4 e5 2. Nf3 d6 3. Bc4 Nf6 4. Ng5 Qd7 5. Bxf7+ Kd8 6. Be6 Qe7 7. Nf7+ Ke8 8.
Bxc8 Qxf7 9. Bxb7 Nxe4 10. Bxe4 d5 11. Bf3 e4 12. Qe2 Qe7 13. Bg4 c6 14. d3 Nd7
15. Bxd7+ Kxd7 16. dxe4 Re8 17. O-O Qh4 18. Qf3 Bd6 19. Qh3+ Qxh3 20. gxh3 Rxe4
21. Nc3 Rh4 22. f4 Re8 23. Bd2 Rxh3 24. Rae1 Rf8 25. Kh1 Rf5 26. Rg1 g5 27. Re3
Rh4 28. Rf3 h6 29. Ne2 Rf7 30. a3 Re7 31. Nd4 Rf7 32. Rg2 Bxf4 33. Bxf4 Rhxf4
34. Rgf2 Rxf3 35. Rxf3 Rxf3 36. Nxf3 Ke6 37. Kg2 c5 38. Kf2 Kf5 39. Ne1 c4 40.
Ng2 Ke4 41. Ke2 d4 42. Ne1 g4 43. b3 d3+ 44. cxd3+ cxd3+ 45. Nxd3 h5 46. Nf2+
Kd4 47. Kd2 a6 48. Nd1 h4 49. Ne3 g3 50. hxg3 hxg3 51. b4 g2 52. Nxg2 Kc4 53.
Kc2 a5 54. bxa5 Kb5 55. Kb3 Kxa5 56. a4 Kb6 57. Kb4 Ka6 58. Ne3 Kb6 59. Nc4+
Ka6 60. a5 Ka7 61. Kb5 Kb7 62. Ne3 Ka7 63. a6 Ka8 64. Kb6 Kb8 65. Nd5 Ka8 66.
Nc7+ 1-0

[Event "10. Lovsprings EMT Basis 3 1998"]
[Site "Ringsted"]
[Date "1998.05.29"]
[Round "7"]
[White "Vilsgaard, Lars"]
[Black "Andersen, Jorgen"]
[Result "1-0"]
[WhiteElo "1136"]
[BlackElo "1057"]
[PlyCount "89"]
[EventDate "1998.??.??"]

1. e4 e5 2. Nf3 d6 3. Bc4 Nc6 4. O-O a6 5. h3 Be6 6. Bxe6 fxe6 7. d3 Be7 8. Nc3
Nf6 9. Be3 O-O 10. Qd2 d5 11. exd5 exd5 12. Bg5 d4 13. Ne4 Nd5 14. a3 Qe8 15.
Bxe7 Ncxe7 16. Nxe5 Nf4 17. Ng3 Neg6 18. Ng4 Qc6 19. f3 Rae8 20. Ne4 Rf5 21.
Ng3 Nxh3+ 22. gxh3 Rxf3 23. Ne4 Ref8 24. Rxf3 Rxf3 25. Qg2 Nh4 26. Qe2 Rf4 27.
Rf1 Rf5 28. Rxf5 Nxf5 29. Qg2 Kh8 30. Ng5 Qe8 31. Qe4 Qxe4 32. Nxe4 Nh4 33. Kf2
Ng6 34. Nc5 Ne7 35. Nxb7 Nc6 36. Nc5 Nb8 37. Ne6 h5 38. Ne5 Kh7 39. Nxd4 Kh6
40. Nec6 Nxc6 41. Nxc6 g5 42. Ne5 h4 43. Kf3 c5 44. Kg4 a5 45. a4 1-0